2023 Movies - Statistics

General Stats
  • This quiz has been taken 64 times
  • The average score is 10 of 50
Answer Stats
Answer % Correct
Barbie
75%
Oppenheimer
70%
Guardians of the Galaxy Vol. 3
55%
Ant-Man and the Wasp: Quantumania
50%
Elemental
50%
Super Mario Bros
50%
Fast X
45%
Spider-Man: Across the Spiderverse
45%
The Marvels
45%
The Little Mermaid
40%
Five Nights at Freddy's
38%
The Flash
38%
John Wick: Chapter 4
33%
Indiana Jones and the Dial of Destiny
30%
Aquaman and the Lost Kingdom
28%
Blue Beetle
28%
Transformers: Rise of the Beasts
28%
Saw X
23%
Scream 6
23%
Shazam: Fury of the Gods
23%
Asteroid City
20%
Creed 3
18%
Cocaine Bear
15%
Evil Dead Rise
15%
The Meg 2: The Trench
15%
Air
13%
Knock at the Cabin
13%
No Hard Feelings
13%
Ghosted
10%
Haunted Mansion
10%
Strays
10%
Wish
10%
Missing
8%
65
5%
A Haunting in Venice
5%
Blackberry
5%
Peter Pan and Wendy
5%
Renfield
5%
Tetris
5%
Dungeons and Dragons: Honor Among Theives
3%
Extraction 2
3%
Flamin Hot
3%
Infinity Pool
3%
Kraven the Hunter
3%
Magic Mike's Last Dance
3%
The Machine
3%
White Men Can't Jump
3%
Winnie the Pooh: Blood and Honey
3%
A Man Called Otto
0%
Fool's Paradise
0%
No matching quizzes found
Score Distribution
Percent of People with Each Score
Percentile by Number Answered
Your Score History
You have not taken this quiz